Представление документа в формате MARC21

Поле Инд. ПП Название Значение
Тип записи a
Библиографический уровень m
001 Контрольный номер f038a5d2-68f1-41aa-8bc2-4ff86fd4f33e
005 Дата корректировки 20140703134312.5
008 Кодируемые данные 050207
020 c Цена, тираж 100.00
040 a Служба первич. каталог. НБ ТвГУ
041 a Код языка текста rus
080 a Индекс УДК 521.1
a Индекс УДК 532.25
084 a Индекс другой классификации/Индекс ББК В622.8
a Индекс другой классификации/Индекс ББК В253.12
090 a Полочн. индекс В622.8
x Авторский знак А76
100 1_ a Автор Аппель Поль
d Дата 1855-1930
245 00 a Заглавие Фигуры равновесия вращающейся однородной жидкости
c Ответственность П. Аппелль ; пер. с фр. В. Ф. Газе, Н. Р. Малкина и С. Л. Хубларовой ; под ред. и с доп. Н. И. Идельсона
260 0_ a Место издания Л.
a Место издания Москва
b Издательство ОНТИ. Главная редакция общетехнической литературы
c Дата издания 1936
300 a Объем 375 с.
b Иллюстрации/ тип воспроизводства ил.
500 a Примечание Перевод изд.: Traite de mecanique rationnelle / par Paul Appell (1932).
504 a Библиография Библиогр.: с. 367-370.
583 a Действие Получение впервые 20 07.02.2005
k Исполнитель действия Дар читателя
650 a Основная рубрика Вращающаяся жидкость
x Основная подрубрика Равновесие
650 a Основная рубрика Гидромеханика
650 a Основная рубрика Фигуры небесных тел
650 a Основная рубрика Небесная механика
650 a Основная рубрика Астрономия
653 a Ключевые слова Астрономия
a Ключевые слова Вращающаяся жидкость
a Ключевые слова Жидкости
a Ключевые слова Однородная жидкость
a Ключевые слова Равновесие вращающейся жидкости
a Ключевые слова Теория фигур равновесия
a Ключевые слова Фигуры равновесия
700 1_ a Другие авторы Аппелль Поль см. Аппель Поль
e Роль лиц авт.
700 1_ a Другие авторы Газе В. Ф.
e Роль лиц пер.
700 1_ a Другие авторы Малкин Н. Р.
e Роль лиц пер.
700 1_ a Другие авторы Хубларова С. Л.
e Роль лиц пер.
700 1_ a Другие авторы Идельсон Н. И.
e Роль лиц ред.
852 t Порядковый номер экземпляра 1
p Инвентарный номер 801130
863 t 00081663
888 a Бесплатные
952 p 20.2005 100.00 1 801130
c Вид литературы К рн
954 a Дата поступления на обработку 20050606
999 a Подразделение 2 Фил3